Short communication : Pollen storage of Hevea (Record no. 68655)
[ view plain ]
| 000 -LEADER | |
|---|---|
| fixed length control field | 01253nam a2200157Ia 4500 |
| 100 ## - MAIN ENTRY--AUTHOR NAME | |
| Personal name | Hamzah Samsidar |
| 245 #0 - TITLE STATEMENT | |
| Title | Short communication : Pollen storage of Hevea |
| 260 ## - PUBLICATION, DISTRIBUTION, ETC. (IMPRINT) | |
| Name of publisher | Journal of Natural Rubber Research |
| Year of publication | 1996 |
| 300 ## - PHYSICAL DESCRIPTION | |
| Number of Pages | 115-204 |
| 520 ## - SUMMARY, ETC. | |
| Summary, etc | An investigation on the storage characteristics of Hevea pollen with the aim of facilitating crosses of clones that do not flower synchronously was undertaken. Staminal columns, as compared to whole flowers, were found to be better storage materials. These underwent a certain degree of drying (to a minimum of 7;- 11;moisture content) before they were stored in liquid nitrogen. With this method the pollen was viable for five months even though the in vitro germination rate was declining. Pollen stored up to one-and-a-half months in liquid nitrogen was shown to retain its ability for fertilisation when 6;success was obtained in the laboratory assessment. Handpollination in the field however, before three fruits out of the 108 flowers pollinated with one-month-old stored pollen. Only one fruit was obtained in another crossing of 330 flowers. |
| 650 ## - SUBJECT ADDED ENTRY--TOPICAL TERM | |
| Topical Term | Hevea |
| 650 ## - SUBJECT ADDED ENTRY--TOPICAL TERM | |
| Topical Term | Pollen storage |
| 700 ## - ADDED ENTRY--PERSONAL NAME | |
| Personal name | Leene Chan Jee |
| 942 ## - ADDED ENTRY ELEMENTS (KOHA) | |
| Koha item type | Journals |
| Withdrawn status | Lost status | Damaged status | Not for loan | Home library | Current library | Shelving location | Date acquired | Serial Enumeration / chronology | Koha item type |
|---|---|---|---|---|---|---|---|---|---|
| Journals | RRII Library | RRII Library | Botany | 17/12/2021 | Volume 11, Issue 2 | Journals |